000 00708nam a2200217Ia 4500
001 7088
003 GE_BSU
008 181216s||||||||xx |||||||||||||| ||und||
040 _cGE_BSU
080 _a628.5(075.32)
100 _aБогуславский,Л.Д. Малина,В.С.
245 _aСанитарно технические устроиства зданий.
245 _bУчебник.
245 _cРед. Ж.А.Беспалько.
260 _aМ.
260 _bВысшая школа.
260 _c1962.
300 _a294стр.с илл.22см.библиогр.:стр.293.
653 _aСанитарно технические устроиства зданий.
942 _cBK
999 _c40477
_d40477